[Event "Bader Memorial op"]
[Site "Heves"]
[Date "2000.10.23"]
[Round "7.4"]
[White "Tokarcsik, Viktor"]
[Black "Csikos, Mihaly"]
[Result "1-0"]
[WhiteElo "2183"]
[BlackElo "2159"]
[PlyCount "61"]
[EventDate "2000.??.??"]
[EventType "swiss"]
[EventRounds "9"]
[EventCountry "HUN"]
[SourceTitle "EXT 2004"]
[Source "ChessBase"]
[SourceDate "2003.11.25"]
[SourceVersion "1"]
[SourceVersionDate "2003.11.25"]
[SourceQuality "1"]

1. c4 e6 2. Nc3 d5 3. cxd5 exd5 4. d4 Nf6 5. Bg5 Nbd7 6. e3 c6 7. Bd3 Qa5 8. Nge2 Bd6 9. 0-0 Qd8 10. h3 h6 11. Bh4 0-0 12. Rc1 Re8 13. Bb1 Nf8 14. Qd2 g5 15. Bg3 Nh5 16. e4 Bxg3 17. fxg3 dxe4 18. Nxe4 Ng6 19. Qd3 f5 20. Qf3 Nf6 21. N4c3 Ne7 22. g4 f4 23. Qd3 Be6 24. g3 Bf7 25. gxf4 Bg6 26. Qf3 Bxb1 27. fxg5 hxg5 28. Qxf6 Bd3 29. Qf7+ Kh8 30. Qh5+ Kg8 31. Rf6 1-0

[Event "Bader Memorial op"]
[Site "Heves"]
[Date "2000.10.21"]
[Round "1.8"]
[White "Tokarcsik, Viktor"]
[Black "Varga, Zoltan Heves"]
[Result "1-0"]
[WhiteElo "2183"]
[BlackElo "1701"]
[PlyCount "51"]
[EventDate "2000.??.??"]
[EventType "swiss"]
[EventRounds "9"]
[EventCountry "HUN"]
[SourceTitle "EXT 2004"]
[Source "ChessBase"]
[SourceDate "2003.11.25"]
[SourceVersion "1"]
[SourceVersionDate "2003.11.25"]
[SourceQuality "1"]

1. c4 c6 2. e4 d5 3. exd5 cxd5 4. d4 Nf6 5. Nc3 Bg4 6. Qb3 e6 7. Qxb7 Nbd7 8. c5 Nxc5 9. dxc5 Bxc5 10. Bb5+ Kf8 11. Bf4 Ne8 12. Bc6 Rc8 13. Qb5 Bd6 14. Bxd6+ Qxd6 15. Bxe8 Rxe8 16. Qd3 Rb8 17. b3 Qb4 18. Nge2 Bxe2 19. Kxe2 Rc8 20. Rac1 Qg4+ 21. Qf3 Qg5 22. Ne4 dxe4 23. Rxc8+ Ke7 24. Rc7+ Kd6 25. Qc3 Qg4+ 26. Ke1 1-0

[Event "Zemplen Cup-B 10th"]
[Site "Sarospatak"]
[Date "2000.07.02"]
[Round "8.3"]
[White "Fekete, Sandor"]
[Black "Tokarcsik, Viktor"]
[Result "0-1"]
[WhiteElo "1810"]
[BlackElo "2183"]
[PlyCount "92"]
[EventDate "2000.07.02"]
[EventType "swiss"]
[EventRounds "9"]
[EventCountry "HUN"]
[SourceTitle "EXT 2004"]
[Source "ChessBase"]
[SourceDate "2003.11.25"]
[SourceVersion "1"]
[SourceVersionDate "2003.11.25"]
[SourceQuality "1"]

1. d4 Nf6 2. Nf3 e6 3. Bf4 b6 4. e3 Bb7 5. Nbd2 Be7 6. c3 0-0 7. Bd3 d6 8. Qc2 Nbd7 9. 0-0 h6 10. Rfe1 Nh5 11. Be4 Bxe4 12. Nxe4 f5 13. Ng3 Ndf6 14. Nxh5 Nxh5 15. h3 g5 16. Bh2 Nf6 17. Nd2 d5 18. Be5 Bd6 19. Bxf6 Qxf6 20. Rf1 e5 21. Qb3 c6 22. dxe5 Qxe5 23. Nf3 Qe4 24. Rad1 g4 25. Rd4 Qe6 26. hxg4 fxg4 27. Nh4 Bg3 28. Qd1 Bxh4 29. Qxg4+ Qxg4 30. Rxg4+ Bg5 31. f4 Rae8 32. Rg3 Rf5 33. fxg5 Rxg5 34. Rxg5+ hxg5 35. Rf5 Rxe3 36. Rxg5+ Kf7 37. Kf2 Re4 38. Rh5 a5 39. Rh7+ Kg6 40. Rb7 b5 41. b3 Kf5 42. Rb6 Re6 43. Ra6 Ke4 44. Ke2 Rg6 45. Rxa5 Rxg2+ 46. Kf1 Rc2 0-1

[Event "Zemplen Cup-B 10th"]
[Site "Sarospatak"]
[Date "2000.06.30"]
[Round "3.2"]
[White "Tokarcsik, Viktor"]
[Black "Toth, Istvan"]
[Result "1/2-1/2"]
[WhiteElo "2183"]
[BlackElo "1915"]
[PlyCount "92"]
[EventDate "2000.07.02"]
[EventType "swiss"]
[EventRounds "9"]
[EventCountry "HUN"]
[SourceTitle "EXT 2004"]
[Source "ChessBase"]
[SourceDate "2003.11.25"]
[SourceVersion "1"]
[SourceVersionDate "2003.11.25"]
[SourceQuality "1"]

1. c4 e5 2. Nc3 Nf6 3. Nf3 Nc6 4. d4 exd4 5. Nxd4 Bb4 6. Bg5 0-0 7. Nxc6 bxc6 8. Qd4 c5 9. Qd3 Bb7 10. 0-0-0 Bxc3 11. Qxc3 Ne4 12. Bxd8 Nxc3 13. bxc3 Rfxd8 14. e3 Rab8 15. f3 d6 16. Bd3 Re8 17. Kd2 Bc6 18. Rb1 g6 19. Rb3 Kg7 20. Rhb1 Rb6 21. Ra3 Ra8 22. Rxb6 cxb6 23. Ke2 f5 24. Kf2 Kf6 25. h4 h5 26. e4 fxe4 27. Bxe4 Bxe4 28. fxe4 Ke5 29. Ke3 a5 30. Rb3 a4 31. Rxb6 Rf8 32. g3 Rf6 33. Rb1 Rf8 34. Rd1 Rf7 35. Rd5+ Ke6 36. Ke2 Rf6 37. Rd3 Rf8 38. Rf3 Rb8 39. Ke3 Re8 40. Rf2 Rb8 41. Rf4 Re8 42. Kf3 Rb8 43. g4 Rg8 44. g5 Rg7 45. Rf6+ Ke7 46. Kf4 Rf7 1/2-1/2